The Equality state: government and politics in Wyoming
Gorde:
| Egile Nagusiak: | , , , , |
|---|---|
| Formatua: | Liburua |
| Hizkuntza: | ingelesa |
| Argitaratua: |
Dubuque
Eddie Bowers
2000
|
| Edizioa: | 4a. ed |
| Gaiak: | |
| Etiketak: |
Etiketa erantsi
Etiketarik gabe, Izan zaitez lehena erregistro honi etiketa jartzen!
|
MARC
| LEADER | 00000nam a2200000 a 4500 | ||
|---|---|---|---|
| 001 | UCK6068 | ||
| 003 | CL-VaPUC | ||
| 008 | 050902e20000000US |||||||||||||||||eng|d | ||
| 020 | |a 1578790158 | ||
| 082 | 0 | 4 | |a 320.8 |b CAW |2 21 |
| 100 | 0 | |a Cawley, Gregg |e author |9 495175 | |
| 700 | 0 | |a Horan, Michael |e author |9 495176 | |
| 700 | 0 | |a Hubbell, Larry |e author |9 495177 | |
| 700 | 0 | |a King, James |e author |9 495178 | |
| 700 | 0 | |a Schuhmann, Robert |e author |9 495179 | |
| 245 | 1 | 4 | |a The Equality state: government and politics in Wyoming |
| 250 | |a 4a. ed | ||
| 300 | |a 170 p | ||
| 942 | |c BK | ||
| 945 | |d 20050902 00:00:00 |a jcarroza | ||
| 260 | |a Dubuque |b Eddie Bowers |c 2000 | ||
| 600 | 0 | 7 | |a WYOMING |2 CL-VaPUC |9 495180 |
| 600 | 0 | 7 | |a ESTADOS UNIDOS |2 CL-VaPUC |9 495181 |
| 650 | 0 | |a Política y gobierno |9 255151 | |
| 650 | 0 | |a Estado |9 255503 | |
| 650 | 0 | |a Igualdad |9 258477 | |
| 583 | |a last modification |c 20050902 00:00:00 |k Rodrigo Vera | ||
| 999 | |c 314463 |d 314461 | ||
| 952 | |0 0 |1 0 |4 0 |6 320_800000000000000_CAW_2000 |7 0 |8 A |9 386732 |a BIBEDU |b BIBEDU |d 2019-11-22 |i 4159667 |o 320.8 CAW 2000 |p 4159667 |r 2019-11-22 |w 2019-11-22 |y BK |k PSI | ||